Gaming Quiz

Random Gaming Quiz

Diablo classes Quiz Stats

 Plays Quiz not verified by Sporcle

Support Sporcle.
Go Orange.
Score 0/17 Timer 04:00
0 Plays Today
Class % Correct
Monk
95.7%
Barbarian
95.7%
Barbarian
95.7%
Monk
95.7%
Wizard
91.3%
Warrior
89.9%
Paladin
89.9%
Sorcerer
88.4%
Sorceress
88.4%
Class % Correct
Necromancer
87%
Druid
87%
Amazon
85.5%
Witch Doctor
85.5%
Rogue
82.6%
Assassin
82.6%
Demon Hunter
81.2%
Crusader
59.4%

You're not logged in!

Compare scores with friends on all Sporcle quizzes.
OR
Log In

From the Vault

Famous People Born in June

by JeroAdmi

Sporcle wishes every one of these people a very happy birth month.

You Might Also Like...

Remove Ads.
Support Sporcle.
Get the best of Sporcle when you Go Orange. This ad-free experience offers more features, more stats, and more fun while also helping to support Sporcle. Thank you for becoming a member.

Show Comments

Extras

Created Sep 19, 2013ReportNominate
Tags:Diablo

Top Quizzes Today


Score Distribution

Your Account Isn't Verified!

In order to create a playlist on Sporcle, you need to verify the email address you used during registration. Go to your Sporcle Settings to finish the process.

Report this User

Report this user for behavior that violates our Community Guidelines.

Details: